00209 a2200109 4500001000700000020000600007040001100013100002100024240002500045245002000070362000900090166837 a  cMagnum aBrougere, Gilles10aJogo e educacaolpor10aJogo e educacao0 a1899